[Event "Tournament of Champions"]
[Site "Winnipeg CAN"]
[Date "2013.11.12"]
[Round "3.6"]
[White "Swift, Ryne"]
[Black "Babb, Jeff"]
[Result "0-1"]
[WhiteElo "1977"]
[BlackElo "2140"]
[PlyCount "132"]
[GameId "2160767909224925"]
[EventDate "2013.11.05"]
[EventType "swiss"]
[EventRounds "5"]
[EventCountry "CAN"]

1. e4 d5 2. exd5 Qxd5 3. Nc3 Qd6 4. Nf3 Nf6 5. d4 c6 6. Be2 Bf5 7. Be3 Nbd7 8. Qd2 e6 9. O-O Qc7 10. a3 Bd6 11. Rfe1 O-O 12. h3 Nd5 13. Bd3 Bxd3 14. Qxd3 Nxc3 15. Qxc3 Nf6 16. Qd3 Bf4 17. c4 Rfd8 18. Rad1 Bxe3 19. fxe3 Qg3 20. e4 Nh5 21. Nh2 Qxd3 22. Rxd3 Rd7 23. Nf1 Rad8 24. g4 Nf4 25. Rf3 g5 26. h4 h6 27. hxg5 hxg5 28. Rb3 b6 29. d5 cxd5 30. cxd5 exd5 31. exd5 Rxd5 32. Rbe3 Rd1 33. Re8+ Rxe8 34. Rxd1 Re2 35. Rd2 Nh3+ 36. Kh1 Rxd2 37. Nxd2 Nf2+ 38. Kg1 Nxg4 39. Ne4 f6 40. Nd6 Ne5 41. Nc8 Nc6 42. b4 b5 43. Nd6 a6 44. Ne4 Kg7 45. Nc5 a5 46. bxa5 Nxa5 47. Ne6+ Kg6 48. Nd4 Kh5 49. Nxb5 Kg4 50. Kg2 f5 51. Nd4 f4 52. a4 Nc4 53. Kf2 Kh3 54. Ne6 Kg4 55. Nd4 Kh5 56. Nc6 g4 57. a5 g3+ 58. Kg2 Kg4 59. Nd4 Nxa5 60. Nf3 Nc4 61. Ne1 Ne3+ 62. Kg1 f3 63. Nd3 Kf5 64. Nf2 gxf2+ 65. Kxf2 Kf4 66. Kg1 Ng4 0-1

[Event "Tournament of Champions"]
[Site "Winnipeg CAN"]
[Date "2013.11.19"]
[Round "3.6"]
[White "Wasserman, Leor"]
[Black "Atem, James"]
[Result "0-1"]
[WhiteElo "2027"]
[BlackElo "1951"]
[PlyCount "76"]
[GameId "2160767909224926"]
[EventDate "2013.11.05"]
[EventType "swiss"]
[EventRounds "5"]
[EventCountry "CAN"]

1. e4 d6 2. d4 e6 3. Nc3 c6 4. Nf3 Be7 5. Bd3 Nf6 6. O-O Nbd7 7. Re1 Qb6 8. Rb1 O-O 9. d5 Ng4 10. Be3 Nxe3 11. Rxe3 e5 12. Nd2 Nf6 13. Nc4 Qd8 14. Rg3 g6 15. Ne3 Re8 16. Nf5 Bf8 17. Ne3 a6 18. a4 Bh6 19. Nf5 Bf4 20. Rh3 gxf5 21. exf5 e4 22. Nxe4 Nxe4 23. Qh5 Nf6 24. Qh4 Be5 25. g4 Kh8 26. g5 Rg8 27. Kh1 Rg7 28. f4 Nxd5 29. fxe5 Qxg5 30. Qf2 Nf4 31. Rg3 Nxd3 32. cxd3 Qxf5 33. Rxg7 Qxf2 34. Rg2 Qf3 35. Kg1 Qxd3 36. Re1 dxe5 37. Rg3 Qd4+ 38. Kh1 Be6 0-1

[Event "Tournament of Champions"]
[Site "Winnipeg CAN"]
[Date "2013.11.26"]
[Round "3.6"]
[White "Atem, James"]
[Black "Lipnowski, Samuel"]
[Result "0-1"]
[WhiteElo "1951"]
[BlackElo "2223"]
[PlyCount "128"]
[GameId "2160767909224927"]
[EventDate "2013.11.05"]
[EventType "swiss"]
[EventRounds "5"]
[EventCountry "CAN"]

1. e4 e5 2. Nc3 Nc6 3. a3 Nf6 4. Nf3 a6 5. Bc4 Be7 6. d3 O-O 7. Bg5 d6 8. Bxf6 Bxf6 9. Nd5 Bg4 10. c3 Na7 11. h3 Bh5 12. g4 Bg6 13. Qd2 c6 14. Ne3 Qd7 15. h4 h5 16. Rg1 Nc8 17. O-O-O Nb6 18. Ba2 Na4 19. Rg3 Nc5 20. Rdg1 Bxe4 21. dxe4 Nxe4 22. Qc2 Nxg3 23. Rxg3 d5 24. g5 Be7 25. Nxe5 Qe6 26. f4 Bd6 27. Qf5 Bxe5 28. Qxe6 fxe6 29. fxe5 Rf4 30. Kd2 Rxh4 31. c4 Rf8 32. cxd5 cxd5 33. Kd3 Rf2 34. Nxd5 exd5 35. Bxd5+ Kf8 36. Bxb7 Rxb2 37. Rf3+ Ke7 38. Bd5 Rb5 39. Rf7+ Ke8 40. Ba2 Rxe5 41. Rxg7 Ra5 42. Rg8+ Ke7 43. Rg7+ Kd6 44. Rg6+ Ke5 45. Kc3 Rxa3+ 46. Kb2 Rg3 47. Re6+ Kf5 48. Rxa6 Rh2+ 49. Ka1 Kxg5 50. Bb1 h4 51. Be4 Rg1+ 52. Bb1 Rhh1 53. Ra5+ Kf6 54. Ra6+ Ke5 55. Ra5+ Kd6 56. Rh5 Rxb1+ 57. Ka2 Rb8 58. Rh7 Rhb1 59. Rxh4 R1b7 60. Ra4 Rb4 61. Ra5 Rb2+ 62. Ka1 Rb1+ 63. Ka2 R8b2+ 64. Ka3 Ra1+ 0-1

[Event "Tournament of Champions"]
[Site "Winnipeg CAN"]
[Date "2013.11.26"]
[Round "4.6"]
[White "Babb, Jeff"]
[Black "Schulz, Waldemar"]
[Result "1-0"]
[WhiteElo "2140"]
[BlackElo "1980"]
[PlyCount "120"]
[GameId "2160767909224928"]
[EventDate "2013.11.05"]
[EventType "swiss"]
[EventRounds "5"]
[EventCountry "CAN"]

1. f4 Nf6 2. Nf3 c5 3. g3 b6 4. Bg2 Bb7 5. d3 d5 6. c3 e6 7. O-O Be7 8. Qa4+ Qd7 9. Qc2 Nc6 10. e4 d4 11. h3 O-O 12. c4 Qc7 13. Qf2 Nb4 14. Ne1 Nd7 15. a3 Na6 16. Nd2 f5 17. e5 Bxg2 18. Nxg2 Rab8 19. Nf3 Rb7 20. Qc2 Qc6 21. Bd2 b5 22. b3 Rfb8 23. cxb5 Qxb5 24. Qc4 Qxc4 25. bxc4 Rb3 26. Nge1 Nb6 27. Kf2 Na4 28. Ke2 Rb2 29. Kd1 R8b3 30. Kc1 Bd8 31. g4 Kf7 32. Rg1 g6 33. g5 Nb8 34. h4 Nc6 35. h5 Kg7 36. hxg6 hxg6 37. Rg2 Ba5 38. Bxa5 Rxg2 39. Nxg2 Nxa5 40. Nge1 Nc3 41. Nd2 Rb8 42. Kc2 Rb6 43. Ng2 Rb8 44. Rh1 Rh8 45. Rxh8 Kxh8 46. Nb3 Nxb3 47. Kxb3 Kg7 48. Kc2 Kf7 49. Nh4 Kg7 50. Kd2 Kf7 51. Nf3 Ke7 52. Ng1 Kd7 53. Nf3 Ke7 54. Kc2 Kd7 55. Ng1 Ke7 56. Nh3 Kd7 57. Kb3 Ke7 58. Ng1 Kd7 59. Kc2 Ke7 60. Kd2 Kd7 1-0

[Event "Tournament of Champions"]
[Site "Winnipeg CAN"]
[Date "2013.11.26"]
[Round "4.6"]
[White "Baron, Gustav"]
[Black "Wasserman, Leor"]
[Result "0-1"]
[WhiteElo "1936"]
[BlackElo "2027"]
[PlyCount "55"]
[GameId "2160767909224929"]
[EventDate "2013.11.05"]
[EventType "swiss"]
[EventRounds "5"]
[EventCountry "CAN"]

1. e4 e5 2. f4 Bc5 3. Nf3 Nc6 4. Bc4 Qe7 5. Nc3 Nf6 6. d3 O-O 7. Na4 a5 8. Nxc5 Qxc5 9. Nxe5 Nxe5 10. fxe5 Qxe5 11. a3 d5 12. Ba2 Bg4 13. Qd2 dxe4 14. d4 Qd6 15. O-O Rad8 16. c3 Bh5 17. Qg5 Be2 18. Rf2 Ng4 19. Bf4 Qa6 20. Be5 Nxe5 21. dxe5 Qd3 22. Re1 e3 23. Rfxe2 Qxe2 24. Qxe3 Qxb2 25. e6 fxe6 26. Qxe6+ Kh8 27. h3 Qf2+ 28. Kh1 0-1

[Event "Tournament of Champions"]
[Site "Winnipeg CAN"]
[Date "2013.11.26"]
[Round "4.6"]
[White "Boron, Anthony"]
[Black "Swift, Ryne"]
[Result "1/2-1/2"]
[WhiteElo "1968"]
[BlackElo "1977"]
[PlyCount "88"]
[GameId "2160767909224930"]
[EventDate "2013.11.05"]
[EventType "swiss"]
[EventRounds "5"]
[EventCountry "CAN"]

1. d4 d5 2. Nf3 Nf6 3. e3 e6 4. Bd3 Be7 5. b3 O-O 6. Bb2 b6 7. O-O c5 8. Ne5 Qc7 9. Nd2 Nbd7 10. f4 Bb7 11. Ndf3 Ne4 12. Nxd7 Qxd7 13. Ne5 Qc7 14. Rc1 f6 15. Ng4 c4 16. Bxe4 dxe4 17. c3 Rac8 18. b4 b5 19. Ra1 a5 20. a3 Ra8 21. Qc2 Ra6 22. Nf2 f5 23. Kh1 Rfa8 24. Kg1 Bd5 25. Rfb1 Qc6 26. Qd1 g6 27. Nh3 R8a7 28. Nf2 Qa8 29. Nh3 Kf7 30. Qe1 axb4 31. axb4 Ra2 32. Rxa2 Rxa2 33. Ra1 Rxa1 34. Qxa1 Qxa1+ 35. Bxa1 h6 36. g3 g5 37. Bb2 Kg6 38. Kg2 Bc6 39. Kf2 Be8 40. Kg2 Kg7 41. Kf2 Bf7 42. Bc1 Kf6 43. Bd2 gxf4 44. Nxf4 Bd6 1/2-1/2

[Event "Tournament of Champions"]
[Site "Winnipeg CAN"]
[Date "2013.11.26"]
[Round "4.6"]
[White "Clark, Jeff"]
[Black "Platt, Alex"]
[Result "1/2-1/2"]
[WhiteElo "2048"]
[BlackElo "1929"]
[PlyCount "34"]
[GameId "2160767909224931"]
[EventDate "2013.11.05"]
[EventType "swiss"]
[EventRounds "5"]
[EventCountry "CAN"]

1. c4 g6 2. Nc3 Nf6 3. e4 d6 4. d4 Bg7 5. f3 Nbd7 6. Be3 a6 7. Bd3 c6 8. Nge2 O-O 9. Qd2 b5 10. O-O Bb7 11. Rac1 e5 12. cxb5 axb5 13. a3 Qa5 14. Rfd1 b4 15. axb4 Qxb4 16. dxe5 dxe5 17. Nb1 Qxd2 1/2-1/2

[Event "Tournament of Champions"]
[Site "Winnipeg CAN"]
[Date "2013.11.26"]
[Round "4.6"]
[White "De Groot, Steven"]
[Black "Green, Jim"]
[Result "0-1"]
[WhiteElo "1963"]
[BlackElo "1823"]
[PlyCount "75"]
[GameId "2160767909224932"]
[EventDate "2013.11.05"]
[EventType "swiss"]
[EventRounds "5"]
[EventCountry "CAN"]

1. e4 d6 2. d4 Nd7 3. Bc4 Ngf6 4. Nc3 c6 5. Nge2 b5 6. Bd3 e5 7. O-O Be7 8. d5 cxd5 9. Nxd5 Nxd5 10. exd5 a6 11. Ng3 Nf6 12. a4 Bd7 13. Nf5 O-O 14. Nxe7+ Qxe7 15. Bg5 h6 16. Bh4 g5 17. Bg3 Kg7 18. Re1 Qd8 19. c4 bxc4 20. Bxc4 Bf5 21. Qe2 Qb6 22. Ra3 Ne4 23. Re3 Nc5 24. b3 f6 25. f3 Bg6 26. Bf2 Qc7 27. h4 f5 28. hxg5 hxg5 29. Rc3 Qa5 30. Rec1 f4 31. Bxc5 Qxc5+ 32. Qf2 Qd4 33. Be2 Qb4 34. Bd3 Bxd3 35. Rxd3 Rfc8 36. Rxc8 Rxc8 37. Qa7+ Kf6 38. Qd7 0-1

[Event "Tournament of Champions"]
[Site "Winnipeg CAN"]
[Date "2013.11.26"]
[Round "4.6"]
[White "Lipnowski, Samuel"]
[Black "Li, Kevin"]
[Result "0-1"]
[WhiteElo "2223"]
[BlackElo "2231"]
[PlyCount "94"]
[GameId "2160767909224933"]
[EventDate "2013.11.05"]
[EventType "swiss"]
[EventRounds "5"]
[EventCountry "CAN"]

1. c4 Nf6 2. Nf3 g6 3. Nc3 Bg7 4. e4 d6 5. d4 O-O 6. Be2 e5 7. d5 a5 8. h3 Na6 9. Bg5 Bd7 10. Nd2 Qe8 11. b3 a4 12. O-O axb3 13. axb3 Kh8 14. Qc2 Ng8 15. Qb2 f5 16. f3 f4 17. Bh4 g5 18. Bf2 Qg6 19. b4 Rae8 20. c5 Nb8 21. cxd6 cxd6 22. Bb5 h5 23. Bxd7 Nxd7 24. Ra7 g4 25. Kh1 Nh6 26. Rxb7 Rf7 27. Nb5 Rg8 28. Rg1 Nc5 29. bxc5 Rxb7 30. c6 Re7 31. Nc4 Nf7 32. Nb6 g3 33. Be1 Qf6 34. c7 Ree8 35. Na7 Qh4 36. Qe2 Ng5 37. Qf1 Rb8 38. cxb8=Q Rxb8 39. Ba5 Bf6 40. Nc6 Rb7 41. Nxe5 Bxe5 42. Nc4 Ra7 43. Nxe5 dxe5 44. Bc3 Ra2 45. Bxe5+ Kh7 46. Qc4 Qxh3+ 47. gxh3 Rh2# 0-1

[Event "Tournament of Champions"]
[Site "Winnipeg CAN"]
[Date "2013.12.03"]
[Round "5.6"]
[White "De Groot, Steven"]
[Black "Baron, Gustav"]
[Result "1-0"]
[WhiteElo "1963"]
[BlackElo "1936"]
[PlyCount "35"]
[GameId "2160767909224934"]
[EventDate "2013.11.05"]
[EventType "swiss"]
[EventRounds "5"]
[EventCountry "CAN"]

1. c4 Nf6 2. Nc3 e5 3. g3 d5 4. cxd5 Nxd5 5. Bg2 Nb6 6. Nf3 Nc6 7. O-O Be7 8. d3 O-O 9. a3 Be6 10. b4 a6 11. Bb2 f5 12. Rc1 Bf6 13. Nd2 Nd5 14. Na4 Nd4 15. e3 Nb5 16. Nc5 Bc8 17. Qb3 c6 18. e4 1-0

[Event "Tournament of Champions"]
[Site "Winnipeg CAN"]
[Date "2013.12.03"]
[Round "5.6"]
[White "Green, Jim"]
[Black "Clark, Jeff"]
[Result "1/2-1/2"]
[WhiteElo "1823"]
[BlackElo "2048"]
[PlyCount "55"]
[GameId "2160767909224935"]
[EventDate "2013.11.05"]
[EventType "swiss"]
[EventRounds "5"]
[EventCountry "CAN"]

1. e4 Nf6 2. e5 Nd5 3. d4 d6 4. c4 Nb6 5. exd6 cxd6 6. Nc3 g6 7. Be3 Bg7 8. Bd3 O-O 9. Rc1 Nc6 10. Nge2 d5 11. c5 Nc4 12. b3 Nb2 13. Qd2 Nxd3+ 14. Qxd3 Bf5 15. Qb5 Qd7 16. O-O a6 17. Qa4 Bd3 18. Rfd1 Bxe2 19. Nxe2 Qg4 20. f3 Qe6 21. Kf2 f5 22. Nf4 Qf7 23. h4 Rad8 24. g3 e5 25. dxe5 Bxe5 26. Nh3 f4 27. Bxf4 Qf5 28. Kg2 1/2-1/2

[Event "Tournament of Champions"]
[Site "Winnipeg CAN"]
[Date "2013.12.03"]
[Round "5.6"]
[White "Li, Kevin"]
[Black "Wasserman, Leor"]
[Result "1-0"]
[WhiteElo "2231"]
[BlackElo "2027"]
[PlyCount "51"]
[GameId "2160767909224936"]
[EventDate "2013.11.05"]
[EventType "swiss"]
[EventRounds "5"]
[EventCountry "CAN"]

1. e4 e5 2. Nc3 Nc6 3. f4 Bb4 4. Nf3 d6 5. Nd5 Bc5 6. c3 Bg4 7. h3 Bxf3 8. Qxf3 a5 9. Bb5 Nf6 10. fxe5 dxe5 11. Nxf6+ Qxf6 12. Qxf6 gxf6 13. Rf1 Ke7 14. Rf5 Na7 15. Bf1 Nc8 16. d4 Bd6 17. Be3 b6 18. O-O-O c6 19. Bd3 Bc7 20. Rdf1 exd4 21. cxd4 Nd6 22. Rxf6 Rhg8 23. e5 Ne8 24. Rxf7+ Kd8 25. Bf5 Ng7 26. Rd7+ 1-0

[Event "Tournament of Champions"]
[Site "Winnipeg CAN"]
[Date "2013.12.03"]
[Round "5.6"]
[White "Lipnowski, Samuel"]
[Black "Babb, Jeff"]
[Result "1/2-1/2"]
[WhiteElo "2223"]
[BlackElo "2140"]
[PlyCount "134"]
[GameId "2160767740940988"]
[EventDate "2013.11.05"]
[EventType "swiss"]
[EventRounds "5"]
[EventCountry "CAN"]

1. c4 f5 2. b3 Nf6 3. Bb2 e6 4. g3 b6 5. Bg2 Nc6 6. Nf3 Bb7 7. Ne5 Be7 8. O-O O-O 9. d3 Qe8 10. Nxc6 Bxc6 11. Bxc6 dxc6 12. Nd2 Bd6 13. e4 fxe4 14. dxe4 e5 15. Kg2 Rd8 16. Qe2 Qg6 17. Rad1 Rd7 18. Bc3 Nh5 19. Kh1 Rdf7 20. b4 c5 21. b5 Qh6 22. Kg1 g6 23. Nb1 Ng7 24. Qg4 Ne8 25. Bd2 Qg7 26. Nc3 Nf6 27. Qh3 Nh5 28. Nd5 Rf3 29. Qe6+ Qf7 30. Qxf7+ R8xf7 31. Be3 Ng7 32. a4 Ne6 33. a5 Kg7 34. axb6 axb6 35. Nxb6 Nd4 36. Nd5 h6 37. Ra1 h5 38. Kg2 h4 39. Ra8 Nc2 40. gxh4 Nxe3+ 41. Nxe3 Be7 42. Ng4 Bxh4 43. Nxe5 Rxf2+ 44. Rxf2 Rxf2+ 45. Kh3 Bf6 46. Ng4 Rf3+ 47. Kg2 Rf4 48. Nxf6 Kxf6 49. Re8 g5 50. Kg3 Rh4 51. h3 Rh7 52. e5+ Kf7 53. Rc8 Ke6 54. Kg4 Kxe5 55. Kxg5 Kd4 56. Kg6 Rd7 57. h4 Kxc4 58. Rb8 Kd3 59. Rb7 c4 60. b6 Rd6+ 61. Kg7 cxb6 62. h5 c3 63. h6 c2 64. Rc7 Rxh6 65. Kxh6 Kd2 66. Kg5 c1=Q 67. Rxc1 Kxc1 {%02and draw when Black flagged.} 1/2-1/2

[Event "Tournament of Champions"]
[Site "Winnipeg CAN"]
[Date "2013.12.03"]
[Round "5.6"]
[White "Platt, Alex"]
[Black "Atem, James"]
[Result "1-0"]
[WhiteElo "1929"]
[BlackElo "1951"]
[PlyCount "101"]
[GameId "2160767909224937"]
[EventDate "2013.11.05"]
[EventType "swiss"]
[EventRounds "5"]
[EventCountry "CAN"]

1. e4 e5 2. Nf3 d6 3. Bc4 Be7 4. d4 Nc6 5. O-O Nf6 6. Nc3 Bg4 7. dxe5 Nxe5 8. Be2 Nxf3+ 9. Bxf3 Bxf3 10. Qxf3 c6 11. Be3 Qa5 12. a3 O-O 13. Rad1 Rfd8 14. Rd4 Nd7 15. Rfd1 Ne5 16. Qe2 Qc7 17. f4 Ng6 18. Qd2 a6 19. Rd3 Qa5 20. Nd5 Qxd2 21. Nxe7+ Nxe7 22. R1xd2 d5 23. Bc5 Ng6 24. g3 b6 25. Bf2 Ne7 26. exd5 cxd5 27. Bxb6 Rdc8 28. Ba5 h6 29. Bb4 Nf5 30. Rxd5 Ne3 31. Rc5 Rxc5 32. Bxc5 Nc4 33. Rd4 Nxb2 34. Rb4 Nd1 35. Bd4 Rc8 36. c4 Re8 37. Be5 f6 38. Rb8 Kf7 39. Rxe8 Kxe8 40. Bd4 Kd7 41. Kf1 Ke6 42. Ke2 Kf5 43. Kxd1 Ke4 44. Bb6 g5 45. fxg5 hxg5 46. Ke2 g4 47. c5 Kd5 48. Kd3 f5 49. a4 a5 50. Ke3 Kc6 51. Kf4 1-0

[Event "Val d'Or op"]
[Site "Val d'Or CAN"]
[Date "2013.11.16"]
[Round "1"]
[White "Audet, Olivier"]
[Black "Boucher, Mario"]
[Result "0-1"]
[WhiteElo "1190"]
[BlackElo "1581"]
[PlyCount "74"]
[GameId "2160767909216434"]
[EventDate "2013.11.16"]
[EventType "swiss"]
[EventRounds "4"]
[EventCountry "CAN"]

1. d4 Nf6 2. c4 e6 3. Nc3 d5 4. cxd5 Nxd5 5. e4 Nxc3 6. bxc3 c5 7. Nf3 Be7 8. Bb5+ Bd7 9. Bxd7+ Nxd7 10. O-O O-O 11. Bf4 Rc8 12. Re1 Qa5 13. Bd2 c4 14. Qc2 Qh5 15. e5 b5 16. a3 f5 17. Qc1 Rf7 18. Be3 Nf8 19. Qd2 a6 20. d5 exd5 21. Qxd5 Qg6 22. Qb7 Qc6 23. Qxc6 Rxc6 24. Ng5 Bxg5 25. Bxg5 Ne6 26. Be3 Rd7 27. Rad1 Rcc7 28. Rd6 Rxd6 29. exd6 Rd7 30. Rd1 Nd8 31. Rd5 g6 32. Bg5 Nb7 33. Be7 Kf7 34. Rd4 Nc5 35. f3 Na4 36. g4 Nxc3 37. gxf5 Ne2+ 0-1

[Event "Val d'Or op"]
[Site "Val d'Or CAN"]
[Date "2013.11.16"]
[Round "1"]
[White "Bouffard, Pierre"]
[Black "Couture, Jonathan"]
[Result "0-1"]
[WhiteElo "1464"]
[BlackElo "1789"]
[PlyCount "68"]
[GameId "2160767909216435"]
[EventDate "2013.11.16"]
[EventType "swiss"]
[EventRounds "4"]
[EventCountry "CAN"]

1. c4 Nf6 2. Nc3 g6 3. g3 Bg7 4. Bg2 O-O 5. Nf3 d6 6. d4 c6 7. O-O Nbd7 8. e4 e5 9. d5 Qe7 10. a4 Ne8 11. Ng5 h6 12. Nh3 f5 13. exf5 gxf5 14. dxc6 Ndf6 15. cxb7 Bxb7 16. Bxb7 Qxb7 17. Rb1 Rf7 18. b3 Qd7 19. f3 Rd8 20. Nf2 Nc7 21. Qc2 d5 22. cxd5 Ncxd5 23. Nxd5 Nxd5 24. Rd1 Qe6 25. Qc4 Kh7 26. Qh4 Rc8 27. g4 Nc3 28. gxf5 Rxf5 29. Ne4 Qb6+ 30. Kg2 Nxd1 31. Bxh6 Qxh6 32. Qxh6+ Bxh6 33. Rxd1 Rc2+ 34. Kh1 Rxf3 0-1

[Event "Val d'Or op"]
[Site "Val d'Or CAN"]
[Date "2013.11.16"]
[Round "1"]
[White "Carrier, Claude"]
[Black "Langlais, Daniel"]
[Result "1-0"]
[WhiteElo "2158"]
[BlackElo "1789"]
[PlyCount "55"]
[GameId "2160767909216436"]
[EventDate "2013.11.16"]
[EventType "swiss"]
[EventRounds "4"]
[EventCountry "CAN"]

1. e4 c6 2. d4 d5 3. Nc3 dxe4 4. Nxe4 g6 5. c3 Bg7 6. Nf3 Nf6 7. Nxf6+ Bxf6 8. Bh6 Qd5 9. Be2 Bg4 10. O-O Nd7 11. Re1 Nb6 12. Ne5 Bxe2 13. Qxe2 Bxe5 14. dxe5 Qe6 15. a4 O-O-O 16. a5 Nd7 17. b4 Rhg8 18. Be3 Kb8 19. b5 c5 20. a6 Qb6 21. axb7 Qxb7 22. Reb1 Rc8 23. c4 Nb6 24. Ra6 Rc7 25. e6 Qe4 26. Qa2 Rd8 27. Ra1 Qxc4 28. Rxb6+ 1-0

[Event "Val d'Or op"]
[Site "Val d'Or CAN"]
[Date "2013.11.16"]
[Round "1"]
[White "Labrecque, Jason"]
[Black "Crepeault, Adam"]
[Result "1-0"]
[WhiteElo "1749"]
[BlackElo "1483"]
[PlyCount "73"]
[GameId "2160767909216437"]
[EventDate "2013.11.16"]
[EventType "swiss"]
[EventRounds "4"]
[EventCountry "CAN"]

1. d4 Nf6 2. c4 e6 3. Nc3 d5 4. e3 Be7 5. Nf3 O-O 6. Bd3 dxc4 7. Bxc4 b6 8. O-O Bb7 9. Bd2 Nbd7 10. Rc1 c5 11. Be2 Rc8 12. dxc5 Nxc5 13. Nb5 a6 14. Nbd4 Nce4 15. Rxc8 Qxc8 16. Qb3 b5 17. Rc1 Qa8 18. a3 Nxd2 19. Nxd2 Bxg2 20. Bf3 Bxf3 21. N2xf3 Qe4 22. Qc2 Qg4+ 23. Kh1 Bd6 24. Rg1 Qh5 25. Qc6 Rd8 26. Rc1 e5 27. Qxd6 Re8 28. Nxe5 Rxe5 29. Rc8+ Ne8 30. Nc6 Qf3+ 31. Kg1 Rg5+ 32. Kf1 Qh3+ 33. Ke2 Qh5+ 34. Kd2 Rd5+ 35. Kc3 Rc5+ 36. Kb3 Rxc6 37. Rxe8# 1-0

[Event "Val d'Or op"]
[Site "Val d'Or CAN"]
[Date "2013.11.16"]
[Round "1"]
[White "Langlais, Daniel"]
[Black "Birkett, Tyson"]
[Result "1-0"]
[WhiteElo "1789"]
[BlackElo "1563"]
[PlyCount "45"]
[GameId "2160767909216438"]
[EventDate "2013.11.16"]
[EventType "swiss"]
[EventRounds "4"]
[EventCountry "CAN"]

1. d4 Nf6 2. c4 g6 3. Nf3 Bg7 4. Nc3 O-O 5. e4 d6 6. h3 Nc6 7. Be3 a6 8. Rc1 e5 9. d5 Ne7 10. Bd3 Nh5 11. Ng5 f6 12. Ne6 Bxe6 13. dxe6 c6 14. Be2 Nf4 15. Bxf4 exf4 16. Qb3 Rb8 17. O-O Bh6 18. Rcd1 Qc7 19. c5 d5 20. exd5 cxd5 21. Nxd5 Qxc5 22. Nxe7+ Qxe7 23. Rd7 1-0

[Event "Val d'Or op"]
[Site "Val d'Or CAN"]
[Date "2013.11.16"]
[Round "1"]
[White "Lynch, Jonathan"]
[Black "Carrier, Claude"]
[Result "0-1"]
[WhiteElo "1571"]
[BlackElo "2158"]
[PlyCount "50"]
[GameId "2160767909216439"]
[EventDate "2013.11.16"]
[EventType "swiss"]
[EventRounds "4"]
[EventCountry "CAN"]

1. e4 c5 2. Nf3 e6 3. b3 d5 4. exd5 exd5 5. d4 Nf6 6. Bb5+ Nc6 7. O-O Be7 8. Ba3 Qb6 9. Qe2 Be6 10. Ng5 O-O 11. Nxe6 fxe6 12. Qxe6+ Rf7 13. Bxc6 bxc6 14. dxc5 Bxc5 15. Bxc5 Qxc5 16. Qe3 Qxc2 17. Rc1 Qf5 18. f3 Re8 19. g4 Qg6 20. Qd4 Ne4 21. Nd2 Nxd2 22. Qxd2 Rxf3 23. g5 Rfe3 24. h4 Qe4 25. Qf2 Qg4+ 0-1

[Event "Val d'Or op"]
[Site "Val d'Or CAN"]
[Date "2013.11.16"]
[Round "2"]
[White "Birkett, Tyson"]
[Black "Bouffard, Pierre"]
[Result "1-0"]
[WhiteElo "1563"]
[BlackElo "1464"]
[PlyCount "57"]
[GameId "2160767909216440"]
[EventDate "2013.11.16"]
[EventType "swiss"]
[EventRounds "4"]
[EventCountry "CAN"]

1. e4 c6 2. d4 d5 3. Nc3 dxe4 4. Nxe4 Bf5 5. Ng3 Bg6 6. Nf3 Nd7 7. Bd3 Bxd3 8. Qxd3 Ngf6 9. Bg5 h6 10. Be3 e6 11. h3 Bd6 12. Ne4 Nxe4 13. Qxe4 Nf6 14. Qd3 Qc7 15. O-O g5 16. g4 O-O-O 17. c4 Kb8 18. Qc2 Bf4 19. b4 Bxe3 20. fxe3 Rhg8 21. Ne5 Nd7 22. Rxf7 Rgf8 23. Raf1 Qd6 24. c5 Qd5 25. Nxd7+ Rxd7 26. Rxf8+ Kc7 27. R8f7 b6 28. Rxd7+ Qxd7 29. Qg6 1-0

[Event "Val d'Or op"]
[Site "Val d'Or CAN"]
[Date "2013.11.16"]
[Round "2"]
[White "Boucher, Mario"]
[Black "Lynch, Jonathan"]
[Result "0-1"]
[WhiteElo "1581"]
[BlackElo "1571"]
[PlyCount "83"]
[GameId "2160767909216441"]
[EventDate "2013.11.16"]
[EventType "swiss"]
[EventRounds "4"]
[EventCountry "CAN"]

1. d4 d5 2. c4 c6 3. cxd5 cxd5 4. Nc3 Nf6 5. Bf4 Nc6 6. Nf3 Bf5 7. e3 e6 8. a3 a6 9. Bd3 Bg6 10. O-O Nd7 11. b4 Rc8 12. Rc1 b5 13. Bxg6 hxg6 14. e4 dxe4 15. Nxe4 Nb6 16. Nc5 Bxc5 17. dxc5 Nd5 18. Bd6 Qf6 19. Re1 g5 20. Qxd5 g4 21. Ne5 exd5 22. Nxg4+ Qe6 23. Rxe6+ fxe6 24. Re1 Kd7 25. Re3 Rh5 26. Rf3 Rf5 27. Rxf5 exf5 28. Ne3 Re8 29. Kf1 Ke6 30. f4 d4 31. Nd1 Kd5 32. Nb2 Re3 33. a4 Nxb4 34. axb5 axb5 35. Nd1 Rb3 36. g3 Nd3 37. Ke2 Nxc5 38. Bxc5 Kxc5 39. Kd2 Kb4 40. Nf2 Rb2+ 41. Ke1 Rxf2 42. Kxf2 0-1

[Event "Val d'Or op"]
[Site "Val d'Or CAN"]
[Date "2013.11.16"]
[Round "2"]
[White "Couture, Jonathan"]
[Black "Labrecque, Jason"]
[Result "1/2-1/2"]
[WhiteElo "1789"]
[BlackElo "1749"]
[PlyCount "115"]
[GameId "2160767909216442"]
[EventDate "2013.11.16"]
[EventType "swiss"]
[EventRounds "4"]
[EventCountry "CAN"]

1. c4 e5 2. Nc3 Nf6 3. Nf3 Nc6 4. a3 a5 5. e3 d6 6. h3 g6 7. d4 exd4 8. exd4 Bg7 9. Be3 O-O 10. Bd3 b6 11. Rc1 Bb7 12. O-O Re8 13. Qd2 Qd7 14. Rfd1 Rad8 15. Qc2 Ne7 16. d5 Nc8 17. Qb3 Na7 18. Rc2 Rc8 19. Rcd2 Rb8 20. Bb1 Ba6 21. a4 Nc8 22. Nd4 Bb7 23. Ndb5 Kf8 24. Qc2 Ne7 25. Qc1 Neg8 26. b3 Re7 27. Qa3 Bh6 28. Bxh6+ Nxh6 29. Qc1 Rbe8 30. Kf1 Nf5 31. Re2 Rxe2 32. Nxe2 Ne4 33. Re1 Nc5 34. Nbd4 Nxd4 35. Nxd4 Rxe1+ 36. Qxe1 Qe7 37. Qd2 Qe5 38. Bc2 Kg7 39. Nf3 Qa1+ 40. Ke2 Na6 41. Qd4+ Qxd4 42. Nxd4 Nc5 43. Nb5 Na6 44. Ke3 Bc8 45. Kf4 Bd7 46. Nd4 Nc5 47. g4 h6 48. h4 f6 49. h5 gxh5 50. gxh5 Bh3 51. Nb5 Na6 52. Bf5 Bxf5 53. Kxf5 Kf7 54. Kf4 Kf8 55. Ke3 Ke7 56. f4 Kd7 57. Nd4 Nc5 58. Kf3 1/2-1/2

[Event "Val d'Or op"]
[Site "Val d'Or CAN"]
[Date "2013.11.16"]
[Round "2"]
[White "Crepeault, Adam"]
[Black "Audet, Olivier"]
[Result "1-0"]
[WhiteElo "1483"]
[BlackElo "1190"]
[PlyCount "115"]
[GameId "2160767909216443"]
[EventDate "2013.11.16"]
[EventType "swiss"]
[EventRounds "4"]
[EventCountry "CAN"]

1. d4 Nf6 2. Nd2 Nc6 3. Ngf3 d6 4. e4 g6 5. Bc4 Bg7 6. h3 O-O 7. Qe2 e6 8. Nf1 d5 9. e5 dxc4 10. exf6 Bxf6 11. Bh6 Re8 12. O-O-O Nxd4 13. Nxd4 Bxd4 14. c3 Bg7 15. Rxd8 Bxh6+ 16. Kb1 Rxd8 17. Ne3 Bxe3 18. fxe3 b5 19. Qf3 Rb8 20. Rf1 f5 21. g4 Bb7 22. Qf4 Be4+ 23. Kc1 Rbc8 24. Qe5 Bd5 25. gxf5 exf5 26. Rg1 Be4 27. Qxb5 Bd3 28. h4 Re8 29. Qd5+ Kg7 30. Qd4+ Kf7 31. h5 a6 32. hxg6+ hxg6 33. Qa7 Re6 34. Qb7 Rce8 35. Qxc7+ R8e7 36. Qh2 Kg7 37. Rh1 Rxe3 38. Qh8+ Kf7 39. Rh7+ Ke6 40. Qc8+ Kf6 41. Qf8+ Kg5 42. Qh6+ Kf6 43. Qh4+ g5 44. Qh6+ Ke5 45. Rxe7+ Kf4 46. Rxe3 Kxe3 47. Qxg5+ Ke4 48. Kd2 f4 49. b3 Kf3 50. Qd5+ Be4 51. Qxc4 a5 52. Qe2+ Kg3 53. Qxe4 f3 54. Ke3 f2 55. Qg6+ Kh4 56. Kxf2 a4 57. Kf3 axb3 58. Qg4# 1-0